Los pecados capitales (Record no. 172226)
[ view plain ]
| 000 -LEADER | |
|---|---|
| campo de control de longitud fija | 00937nam a22001935i 4500 |
| 001 - NÚMERO DE CONTROL | |
| campo de control | 172226 |
| 003 - IDENTIFICADOR DE NÚMERO DE CONTROL | |
| campo de control | ES-MaACL |
| 005 - FECHA Y HORA DE LA ÚLTIMA TRANSACCIÓN | |
| campo de control | 20250616063046.0 |
| 008 - DATOS DE LONGITUD FIJA--INFORMACIÓN GENERAL | |
| campo de control de longitud fija | 090618s1861 sp |||| | spa d |
| 100 0# - ENTRADA PRINCIPAL--NOMBRE DE PERSONA | |
| Nombre de persona | Frontaura, Carlos, |
| Fechas asociadas al nombre | 1834-1910 |
| 9 (RLIN) | 52739 |
| 245 14 - MENCIÓN DEL TÍTULO | |
| Título | Los pecados capitales |
| Resto del título | : zarzuela en un acto / |
| Mención de responsabilidad, etc. | original de Carlos Frontaura ; música de Luis Cepeda. |
| 260 ## - PUBLICACIÓN, DISTRIBUCIÓN, ETC. | |
| Lugar de publicación, distribución, etc. | Madrid : |
| Nombre del editor, distribuidor, etc. | [Alonso Gullón], |
| Fecha de publicación, distribución, etc. | 1861 ( |
| Fabricante | Imp. de José Rodríguez) |
| 300 ## - DESCRIPCIÓN FÍSICA | |
| Extensión | 41 p. ; |
| Dimensiones | 18 cm. |
| 500 ## - NOTA GENERAL | |
| Nota general | Solo la letra. |
| 500 ## - NOTA GENERAL | |
| Nota general | En port.: Representada por primera vez en Madrid, en el teatro de la Zarzuela, en febrero de 1861. |
| 700 1# - ENTRADA AGREGADA--NOMBRE PERSONAL | |
| Nombre de persona | Cepeda, Luis. |
| 9 (RLIN) | 126414 |
| 852 ## - LOCALIZACIÓN | |
| Ubicación | ES-MaACL |
| Número de control de estantería | F-8600(12) |
| Nota libre | .- Enc. pasta española |
| condición física | .- Falto de la cub. original |
| Nota libre | .- - Enc. en un vol. facticio, formando parte de la col. facticia "Teatro español moderno", vol. 53 |
| -- | .- Dedicatoria autógr. del autor a Luis Cepeda |
| Estatus retirado | Estado de pérdida | Estado de daño | No para préstamo | Colección | Biblioteca de origen | Biblioteca actual | Ubicación en estantería | Fecha de adquisición | Fuente de adquisición | Total de préstamos | Signatura topográfica completa | Código de barras | Visto por última vez | Precio de reemplazo | Tipo de ítem Koha |
|---|---|---|---|---|---|---|---|---|---|---|---|---|---|---|---|
| Libros del s. XIX | Biblioteca del Ateneo de Madrid | Biblioteca del Ateneo de Madrid | Sala Pecera Planta 2 | 18/06/2009 | F-8600(12) | 1180737 | 23/02/2023 | 23/02/2023 | Libro impreso antiguo |
